Republicanismo, liberalismo y democracia /

El autor analiza las relaciones entre el republicanismo, el liberalismo y la democracia desde la perspectiva de la teoría política. El análisis tomo como punto de partida los dos modelos de república surgidos en la antigüedad clásica: la democracia directa de Atenas y el régimen mixto de Roma. El re...

Full description

Bibliographic Details
Main Author: Godoy Arcaya, Óscar
Format: Analitica de revista
Language:Spanish
Published: Santiago, Chile Centro de Estudios Públicos 2005

MARC

LEADER 00000cab a2200000 a 4500
001 032705
003 UAHC_CL
005 20170803123529.0
008 030915b xx j 000 1 spa
040 |a UAHC_CL  |c UAHC_CL  |d UAHC_CL 
100 1 |a Godoy Arcaya, Óscar 
245 1 0 |a Republicanismo, liberalismo y democracia /  |c Óscar Godoy Arcaya. 
260 |b Centro de Estudios Públicos  |c 2005  |a Santiago, Chile 
300 |a p. 241-256 
500 |a En: Estudios Públicos. -- Nº99 (invierno, 2005), p. 241-256. ISSN 07161115 
500 |a En: Estudios Públicos. -- Nº99 (invierno, 2005), p. 241-256. ISSN 07161115 
500 |a En: Estudios Públicos. -- N∫99 (invierno, 2005), p. 241-256. ISSN 07161115 
520 |a El autor analiza las relaciones entre el republicanismo, el liberalismo y la democracia desde la perspectiva de la teoría política. El análisis tomo como punto de partida los dos modelos de república surgidos en la antigüedad clásica: la democracia directa de Atenas y el régimen mixto de Roma. El republicanismo moderno, sostiene el autor, evoluciona desde el modelo de la res publica romana. Así lo demuestran el estudio de autores europeos de los siglos XVII y XVIII. El liberalismo, por su parte, no tiene un anclaje en ninguno de los dos modelos, sino en la libertad individual y en el consentimiento político, tal como lo concibe, por ejemplo, John Locke. No obstante, a fines del siglo XIX John Stuart Mill le da un impulso hacia la democracia, que tiene como paradigma subyacente a la democracia directa de Atenas. La comparación entre republicanismo y liberalismo conduce al autor a establecer afinidades y diferencias entre ambos, y a la conclusión de que siendo compatibles, el liberalismo ha hecho aportes a la democracia que son más compatibles con su profundización. 
520 |a El autor analiza las relaciones entre el republicanismo, el liberalismo y la democracia desde la perspectiva de la teoría política. El análisis tomo como punto de partida los dos modelos de república surgidos en la antigüedad clásica: la democracia directa de Atenas y el régimen mixto de Roma. El republicanismo moderno, sostiene el autor, evoluciona desde el modelo de la res publica romana. Así lo demuestran el estudio de autores europeos de los siglos XVII y XVIII. El liberalismo, por su parte, no tiene un anclaje en ninguno de los dos modelos, sino en la libertad individual y en el consentimiento político, tal como lo concibe, por ejemplo, John Locke. No obstante, a fines del siglo XIX John Stuart Mill le da un impulso hacia la democracia, que tiene como paradigma subyacente a la democracia directa de Atenas. La comparación entre republicanismo y liberalismo conduce al autor a establecer afinidades y diferencias entre ambos, y a la conclusión de que siendo compatibles, el liberalismo ha hecho aportes a la democracia que son más compatibles con su profundización. 
520 |a El autor analiza las relaciones entre el republicanismo, el liberalismo y la democracia desde la perspectiva de la teorÌa polÌtica. El an·lisis tomo como punto de partida los dos modelos de república surgidos en la antig¸edad cl·sica: la democracia directa de Atenas y el rÈgimen mixto de Roma. El republicanismo moderno, sostiene el autor, evoluciona desde el modelo de la res publica romana. AsÌ lo demuestran el estudio de autores europeos de los siglos XVII y XVIII. El liberalismo, por su parte, no tiene un anclaje en ninguno de los dos modelos, sino en la libertad individual y en el consentimiento polÌtico, tal como lo concibe, por ejemplo, John Locke. No obstante, a fines del siglo XIX John Stuart Mill le da un impulso hacia la democracia, que tiene como paradigma subyacente a la democracia directa de Atenas. La comparaciÛn entre republicanismo y liberalismo conduce al autor a establecer afinidades y diferencias entre ambos, y a la conclusiÛn de que siendo compatibles, el liberalismo ha hecho aportes a la democracia que son m·s compatibles con su profundizaciÛn. 
759 |a PP068 
773 0 |t Estudios públicos  |w 032045 
900 |a ESTUDIOS PUBLICOS-99/05 
942 |c REVA 
952 |0 0  |1 0  |4 0  |6 ESTUDIOS_PUBLICOS99_05_000000000000000  |7 0  |8 General  |9 63127  |a BC  |b BC  |c General  |d 2017-08-03  |l 0  |o ESTUDIOS PUBLICOS-99/05  |p FICTICIO3469  |r 2019-01-08 00:00:00  |t 1  |w 2017-08-03  |y REVA 
999 |c 32705  |d 32705